000 00535nam a2200217Ia 4500
003 0100
008 130307s9999 xx 000 0 und d
020 _a080280439X
040 _cARRUPELIB
050 _aBT83.78.W59 1989
245 _aWhy narrative
245 _breadings in narrative theology
260 _aGrand Rapids
260 _bWilliam B. Eerdmans Publishing Company
260 _c1989
300 _a367p.
300 _b24 cm.
650 _aTHEOLOGY
700 _aHauerwas, Stanley & Jones, L. Gregory
942 0 0 _01
999 _c93196
_d93196